Zmeny v uplatňovaní trojstranného obchodu od 1.1.2018

Definícia pojmu trojstranný obchod podľa zákona č. 222/2004 Z. z. Zmena podmienok pre uplatnenie schémy trojstranného obchodu.

Guardado en:
Detalles Bibliográficos
Autor principal: Jurišová, Anna
Formato: Capítulo de libro
Lenguaje:eslovaco
Materias:
Etiquetas: Agregar Etiqueta
Sin Etiquetas, Sea el primero en etiquetar este registro!

MARC

LEADER 00000naa a2200000 4500
001 0241692
005 20180404140642.3
041 0 |a slo 
044 |a SK 
245 1 0 |a Zmeny v uplatňovaní trojstranného obchodu od 1.1.2018  |c Anna Jurišová 
520 |a Definícia pojmu trojstranný obchod podľa zákona č. 222/2004 Z. z. Zmena podmienok pre uplatnenie schémy trojstranného obchodu. 
610 2 0 |a obchod zahraničný 
610 2 0 |a Európska únia 
610 2 0 |a Európsky ekonomický priestor 
610 2 0 |a schémy organizačné 
610 2 0 |a dodávatelia 
610 2 0 |a odberatelia 
610 2 0 |a obchod medzinárodný 
100 1 |a Jurišová, Anna